000 00333nam a2200133Ia 4500
005 20260326235448.0
008 260326s9999||||xx |||||||||||||| ||und||
100 _aProteous, Colin
245 4 _aThe New eco-Architecture /
_cColin Proteous
260 _bSpon Press
300 _a211 p.
650 _aARQUITECTURA Y CLIMA
942 _cBK
999 _c7668
_d7668